[Event "Benidorm op U2000 16th"]
[Site "Benidorm"]
[Date "2017.12.02"]
[Round "2"]
[White "Prats Alonso, Oscar"]
[Black "Custard Gasco, Daniela Brenda"]
[Result "1/2-1/2"]
[WhiteElo "1976"]
[BlackElo "1813"]
[PlyCount "135"]
[EventDate "2017.12.01"]
[EventType "swiss"]
[EventRounds "10"]
[EventCountry "ESP"]
[SourceTitle "EXT 2019"]
[Source "ChessBase"]
[SourceDate "2018.10.10"]
[SourceVersion "1"]
[SourceVersionDate "2018.10.10"]
[SourceQuality "1"]

1. d4 Nf6 2. Nf3 e6 3. e3 b6 4. Bd3 Bb7 5. Nbd2 c5 6. 0-0 cxd4 7. exd4 Be7 8. b3 0-0 9. Bb2 d6 10. Qe2 Nbd7 11. c4 Rc8 12. Rfe1 Re8 13. Rac1 Rc7 14. Bb1 Qa8 15. Qd3 Nf8 16. g3 Rec8 17. Ng5 h6 18. Nge4 d5 19. Nxf6+ Bxf6 20. f3 dxc4 21. Rxc4 Ba6 22. Ba3 Bxc4 23. bxc4 Be7 24. Bxe7 Rxe7 25. Kf2 Rd7 26. Qc3 Qc6 27. h4 Qd6 28. Nb3 Rdc7 29. c5 bxc5 30. dxc5 Qa6 31. Re4 Qa3 32. Rg4 f5 33. Rc4 a5 34. Qd4 Rd7 35. Ra4 Qxb3 36. axb3 Rxd4 37. Rxd4 Rxc5 38. Ra4 Kf7 39. b4 axb4 40. Rxb4 Kf6 41. Ke3 Nd7 42. Rb3 Rc6 43. Bd3 Rb6 44. Ra3 Ne5 45. Be2 g6 46. Rc3 g5 47. hxg5+ hxg5 48. Ra3 Rb4 49. Ra2 f4+ 50. gxf4 gxf4+ 51. Kf2 Kf5 52. Rc2 Rb3 53. Rd2 Re3 54. Kg2 Kg5 55. Kf2 Rc3 56. Ra2 Nd3+ 57. Bxd3 Rxd3 58. Re2 Kf5 59. Ra2 e5 60. Ke2 Re3+ 61. Kf2 Kg5 62. Ra8 Kf6 63. Ra6+ Kf5 64. Ra2 e4 65. Ra5+ Kf6 66. fxe4 Rxe4 67. Kf3 Rb4 68. Rc5 1/2-1/2

[Event "Sant Boi Chalmeta Memorial op 28th"]
[Site "Sant Boi de Llobregat"]
[Date "2016.06.17"]
[Round "9"]
[White "Prats Alonso, Oscar"]
[Black "Prats Rodriguez, Juan Bosco"]
[Result "1/2-1/2"]
[WhiteElo "2021"]
[BlackElo "1956"]
[PlyCount "35"]
[EventDate "2016.04.22"]
[EventType "swiss"]
[EventRounds "9"]
[EventCountry "ESP"]
[SourceTitle "EXT 2017"]
[Source "ChessBase"]
[SourceDate "2016.10.25"]
[SourceVersion "1"]
[SourceVersionDate "2016.10.25"]
[SourceQuality "1"]

1. e4 d6 2. Nc3 Nf6 3. f4 d5 4. e5 d4 5. exf6 dxc3 6. fxg7 cxd2+ 7. Qxd2 Qxd2+ 8. Bxd2 Bxg7 9. 0-0-0 Be6 10. Kb1 Nc6 11. Nf3 0-0-0 12. Bb5 Bd5 13. Be3 a6 14. Ba4 Bxf3 15. gxf3 Nd4 16. Bxd4 Bxd4 17. Bb3 e6 18. c3 1/2-1/2

[Event "Sant Boi Chalmeta Memorial op 28th"]
[Site "Sant Boi de Llobregat"]
[Date "2016.05.06"]
[Round "3"]
[White "Pascual Romero, Salvador"]
[Black "Prats Alonso, Oscar"]
[Result "0-1"]
[WhiteElo "1776"]
[BlackElo "2021"]
[PlyCount "104"]
[EventDate "2016.04.22"]
[EventType "swiss"]
[EventRounds "9"]
[EventCountry "ESP"]
[SourceTitle "EXT 2017"]
[Source "ChessBase"]
[SourceDate "2016.10.25"]
[SourceVersion "1"]
[SourceVersionDate "2016.10.25"]
[SourceQuality "1"]

1. Nf3 Nf6 2. g3 g6 3. Bg2 Bg7 4. 0-0 0-0 5. d3 d6 6. e4 Nbd7 7. Nc3 c6 8. Bd2 Qc7 9. Qc1 b5 10. a3 Bb7 11. Bh6 a5 12. Bxg7 Kxg7 13. Qd2 b4 14. axb4 axb4 15. Ne2 c5 16. Nh4 d5 17. Qg5 h6 18. Nf5+ Kg8 19. Nxh6+ Kh7 20. Rxa8 Bxa8 21. exd5 Qe5 22. Qd2 Qh5 23. d6 Bxg2 24. dxe7 Bxf1 25. exf8Q Nxf8 26. Kxf1 Qxh6 27. Qxh6+ Kxh6 28. c3 Ne6 29. d4 cxd4 30. cxd4 Kg5 31. f3 Nd5 32. Kf2 Nb6 33. b3 Nd5 34. h4+ Kf6 35. g4 Nc3 36. Nc1 Nxd4 37. Ke3 Nc6 38. Nd3 Nb5 39. f4 Nbd4 40. Nxb4 Nf5+ 41. gxf5 Nxb4 42. fxg6 fxg6 43. Ke4 Na2 44. f5 gxf5+ 45. Kf4 Nb4 46. h5 Nd5+ 47. Kf3 Kg5 48. h6 Kxh6 49. Kg3 Kg5 50. Kf3 f4 51. Kg2 Kg4 52. Kf2 f3 0-1

[Event "Sant Boi City-ch"]
[Site "Sant Boi de Llobregat"]
[Date "2015.11.21"]
[Round "8"]
[White "Prats Alonso, Oscar"]
[Black "Garnica Nebot, Esteve"]
[Result "0-1"]
[WhiteElo "2157"]
[BlackElo "2220"]
[PlyCount "104"]
[EventDate "2015.10.03"]
[EventType "tourn"]
[EventRounds "9"]
[EventCountry "ESP"]
[SourceTitle "CBM 170 Extra"]
[Source "ChessBase"]
[SourceDate "2016.02.25"]
[SourceVersion "1"]
[SourceVersionDate "2016.02.25"]
[SourceQuality "1"]

1. e4 c5 2. Nc3 e6 3. Nf3 Nc6 4. Bb5 Nge7 5. 0-0 a6 6. Bxc6 Nxc6 7. d4 cxd4 8. Nxd4 Be7 9. Kh1 d6 10. f4 0-0 11. f5 Nxd4 12. Qxd4 Bf6 13. Qd3 b5 14. Bf4 b4 15. Ne2 exf5 16. exf5 a5 17. Qf3 Bxf5 18. Bxd6 Qxd6 19. Qxf5 Bxb2 20. Rad1 Qe5 21. Qf3 Rac8 22. Ng3 h6 23. Rd5 Qc3 24. Rf2 Qxf3 25. gxf3 a4 26. Nf5 Rc3 27. Rb5 Rc4 28. Ne3 Rd4 29. Kg2 Rfd8 30. Nf5 Rc4 31. Ne3 Rcd4 32. Re2 Bc3 33. Kg3 a3 34. h3 Re8 35. Kf2 Red8 36. Kg3 Rd2 37. Rxd2 Rxd2 38. Kf4 Rd4+ 39. Kg3 Be1+ 40. Kg2 g6 41. Kf1 Bc3 42. Nd5 Rd1+ 43. Ke2 Rd2+ 44. Ke3 Rxc2 45. Nxb4 Bxb4 46. Rxb4 Rxa2 47. Ra4 Ra1 48. Kf4 Kg7 49. Ra6 a2 50. Ra3 h5 51. Ra8 g5+ 52. Kf5 g4 0-1

[Event "Sant Boi City-ch"]
[Site "Sant Boi de Llobregat"]
[Date "2015.10.17"]
[Round "3"]
[White "Prats Alonso, Oscar"]
[Black "Blasco Coll, Andreu"]
[Result "1/2-1/2"]
[WhiteElo "2157"]
[BlackElo "2293"]
[PlyCount "59"]
[EventDate "2015.10.03"]
[EventType "tourn"]
[EventRounds "9"]
[EventCountry "ESP"]
[SourceTitle "CBM 170 Extra"]
[Source "ChessBase"]
[SourceDate "2016.02.25"]
[SourceVersion "1"]
[SourceVersionDate "2016.02.25"]
[SourceQuality "1"]

1. e4 c6 2. d4 d5 3. Nc3 dxe4 4. Nxe4 Bf5 5. Nc5 e5 6. Nxb7 Qb6 7. Nc5 exd4 8. Nb3 Bb4+ 9. Bd2 c5 10. Bd3 Bxd3 11. cxd3 Bxd2+ 12. Qxd2 Nd7 13. Nf3 Ne7 14. 0-0 0-0 15. Rac1 Nc6 16. Nxc5 Nxc5 17. Qc2 Ne6 18. Qxc6 Qxb2 19. Qa4 Rab8 20. h3 Qb4 21. Rc4 Qd6 22. Nxd4 Nf4 23. Nc6 Ne2+ 24. Kh1 Rb6 25. Qc2 Re8 26. Ne7+ Qxe7 27. Re4 Re6 28. Qxe2 Rxe4 29. dxe4 Qxe4 30. Qb5 1/2-1/2

[Event "Barbera del Valles op B 29th"]
[Site "Barbera del Valles"]
[Date "2006.07.13"]
[Round "9"]
[White "Prats Alonso, Oscar"]
[Black "Exposito Cabrera, Joaquin"]
[Result "1-0"]
[WhiteElo "1961"]
[BlackElo "2086"]
[PlyCount "35"]
[EventDate "2006.07.05"]
[EventType "swiss"]
[EventRounds "9"]
[EventCountry "ESP"]
[SourceTitle "EXT 2022"]
[Source "ChessBase"]
[SourceDate "2021.10.06"]
[SourceVersion "1"]
[SourceVersionDate "2021.10.06"]
[SourceQuality "1"]

1. e4 c5 2. Nc3 e6 3. Bc4 a6 4. a3 Qc7 5. d3 Nf6 6. f4 b5 7. Ba2 Bb7 8. Nf3 d5 9. 0-0 dxe4 10. dxe4 Nxe4 11. Nxe4 Bxe4 12. Ng5 Bb7 13. f5 Bd6 14. fxe6 Bxh2+ 15. Kh1 f6 16. Nf7 0-0 17. Qh5 Bg3 18. e7 1-0